MARC details
| 000 -LÍDER |
| campo de controle de tamanho fixo |
01521naa a22003257a 4500 |
| 001 - NÚMERO DE CONTROLE |
| campo de controle |
BR8801816 |
| 003 - IDENTIFICADOR DO NÚMERO DE CONTROLE |
| campo de controle |
BR-BrBNA |
| 005 - DATA E HORÁRIO DA ÚLTIMA TRANSAÇÃO |
| campo de controle |
20250721154557.0 |
| 007 - CAMPO FIXO DE DESCRIÇÃO FÍSICA--INFORMAÇÃO GERAL |
| campo de controle de tamanho fixo |
ta |
| 008 - CAMPO DE DADOS FIXOS--INFORMAÇÃO GERAL |
| campo de controle de tamanho fixo |
250630b bl.|||m| |||| 00| 0 por d |
| 040 ## - FONTE DA CATALOGAÇÃO |
| Instituição da catalogação original |
BR-BrBNA |
| Idioma da catalogação |
por |
| Instituição que transcreveu o registro |
Biblioteca Nacional de Agricultura |
| 041 ## - CÓDIGO DE IDIOMA |
| Código do idioma do texto/trilha sonora ou título diferente |
(Pt) |
| 072 ## - CÓDIGO DE CATEGORIA DE ASSUNTO |
| Código de Categoria de Assunto |
P34; P35; F04 |
| Código do objeto |
3865 |
| 090 ## - NÚMERO DE CHAMADA LOCAL |
| Número de chamada |
P34 BR8801816 |
| 100 1# - ENTRADA PRINCIPAL--NOME PESSOAL |
| Nome pessoal |
Dantas, M. |
| 245 1# - TÍTULO |
| Título |
Producao de "litter" e seu conteudo de nutrientes em floresta primaria e capoeira da Amazonia oriental |
| 246 1# - FORMA VARIANTE DO TÍTULO |
| Título/título abreviado |
[Production of forest litter and its' nutrient content at the eastern Amazonia] |
| 246 1# - FORMA VARIANTE DO TÍTULO |
| Título/título abreviado |
[Researches about soil use and soil conservation at the eastern Amazonia. Final report of the accord EMBRAPA-CPATU-GTZ] |
| 490 ## - TÍTULO DA SÉRIE |
| Título da série |
Documentos - Centro de Pesquisa Agropecuaria do Tropico Umido (Brazil) |
| Número do volume ou designação sequencial da série |
no. 40 |
| ISSN - International Standard Serial Number |
ISSN 0101-2835 |
| 500 ## - NOTA GERAL |
| Nota geral |
Pesquisas sobre utilizacao e conservacao do solo na Amazonia oriental. Relatorio final do convenio EMBRAPA-CPATU-GTZ<br/>Belem, PA (Brasil): 1986. p. 147-162 [Bibliography p. 158-157(78 ref.); 6 tables; Summary (Pt)]<br/>(BR8801816-AMS)<br/> |
| 650 ## - ASSUNTO--TERMO TÓPICO |
| Cabeçalho tópico ou nome geográfico |
RELACAO SOLO-PLANTA |
| 650 ## - ASSUNTO--TERMO TÓPICO |
| Cabeçalho tópico ou nome geográfico |
MATERIA ORGANICA |
| 650 ## - ASSUNTO--TERMO TÓPICO |
| Cabeçalho tópico ou nome geográfico |
FOLHA |
| 650 ## - ASSUNTO--TERMO TÓPICO |
| Cabeçalho tópico ou nome geográfico |
DECOMPOSICAO |
| 650 ## - ASSUNTO--TERMO TÓPICO |
| Cabeçalho tópico ou nome geográfico |
NUTRIENTE ORGANICO |
| 650 ## - ASSUNTO--TERMO TÓPICO |
| Cabeçalho tópico ou nome geográfico |
AMAZONIA |
| 773 0# - ENTRADA ANALÍTICA |
| Título |
Pesquisas sobre utilizacao e conservacao do solo na Amazonia oriental. Relatorio final do convenio EMBRAPA-CPATU-GTZ |
| Número de controle do registro |
P34 BR8801816 |
| Partes relacionadas |
Belem, PA (Brasil), 1986. p. 147-162 |
| 942 ## - ELEMENTOS DE ENTRADA ADICIONADOS (KOHA) |
| Tipo de material Koha |
Analítica de Monografia Seriada |
| Fonte da classificação ou esquema de arquivamento na estante |
Classificação AGRIS |
| 909 ## - |
| -- |
202506 |
| -- |
Lúcia |
| -- |
55 |
| -- |
Lúcia Elande |